Statistics for Football - Last Place Teams in German Bundesliga

Click here to take the quiz!

General Stats

  • This quiz has been taken 290 times
    (247 since last reset)
  • The average score is 36 of 56

Answer Stats

SeasonAnswer% Correct
2003-041. Koln 01/07
83%
1983-841. Nurnberg
83%
1964-65*Gelsenkirchen-Schalke 04
83%
1987-88Gelsenkirchen-Schalke 04
83%
2017-181. Koln
79%
2018-191. Nurnberg
79%
1982-83Hertha Berliner
79%
2009-10Hertha Berliner
79%
1990-91Hertha Berliner
79%
2011-121. Kaiserslautern
78%
1988-89Hannoverscher 1896
76%
1973-74Hannoverscher 1896
76%
1985-86Hannoverscher 1896
76%
2015-16Hannoverscher 1896
76%
2000-01VfL Bochum 1848
73%
1979-80Braunschweiger Eintracht 1895
72%
1984-85Braunschweiger Eintracht 1895
72%
2013-14Braunschweiger Eintracht 1895
72%
2012-13Greuther Furth
71%
2004-05SC Freiburg
70%
2008-09Arminia Bielefeld
69%
1997-98Arminia Bielefeld
69%
1971-72Arminia Bielefeld
69%
1998-99Borussia 1900 Monchengladbach
69%
2006-07Borussia 1900 Monchengladbach
69%
1978-79Darmstadt 98
69%
2016-17Darmstadt 98
69%
1991-92Dusseldorfer Fortuna 1895
69%
1994-95Dynamo Dresden
69%
2014-15Paderborn 07
68%
1993-94VfB Leipzig
64%
1977-78St. Pauli 1910
63%
1996-97St. Pauli 1910
63%
2010-11St. Pauli 1910
63%
2001-02St. Pauli 1910
63%
2002-03Energie Cottbus
60%
1963-641. Saarbrucken
57%
1992-931. Saarbrucken
57%
1969-70Alemannia Aachen
57%
2007-08Meidericher 02 Duisburg
57%
2005-06Meidericher 02 Duisburg
57%
1981-82Meidericher 02 Duisburg
57%
1999-2000Meidericher 02 Duisburg
57%
1976-77Rot-Weiss Essen
57%
1970-71Rot-Weiss Essen
57%
1966-67Rot-Weiss Essen
57%
1968-69Offenbacher Kickers
54%
1967-68Karlsruher
53%
1965-66Tasmania 1900 Berlin
52%
1995-96Krefelder Uerdingen 05
51%
1980-81Bayer 05 Uerdingen
50%
1975-76Bayer 05 Uerdingen
50%
1972-73Rot-Weiss Oberhausen
36%
1986-87Blau-Weiss 1890 Berlin
35%
1974-75Wuppertaler
34%
1989-9008 Homburg/Saar
0%

Score Distribution

Percentile by Number Answered

Percent of People with Each Score

Your Score History

You have not taken this quiz since the last reset